[Event "St Veit op 43rd"]
[Site "St Veit"]
[Date "2024.07.10"]
[Round "6"]
[White "Klausner, Felix"]
[Black "Linnemann, Caspar"]
[Result "1/2-1/2"]
[WhiteElo "1941"]
[BlackElo "1851"]
[PlyCount "63"]
[EventDate "2024.07.06"]
[EventType "swiss"]
[EventRounds "9"]
[EventCountry "AUT"]
[SourceTitle "CBM 221 Extra"]
[Source "ChessBase"]
[SourceDate "2024.09.30"]
[SourceVersion "1"]
[SourceVersionDate "2024.09.30"]
[SourceQuality "1"]

1. e4 c5 2. Nf3 d6 3. d4 cxd4 4. Nxd4 Nf6 5. Nc3 a6 6. Be3 e6 7. f3 Be7 8. Qd2 Nc6 9. g4 Qc7 10. 0-0-0 Nd7 11. h4 Nde5 12. Qg2 Na5 13. Kb1 Nec4 14. Bc1 Bd7 15. f4 0-0-0 16. g5 Nb6 17. f5 e5 18. Nb3 Nxb3 19. axb3 f6 20. Be3 Bc6 21. Qf2 Nd7 22. b4 b5 23. Nd5 Bxd5 24. Rxd5 Qc6 25. c4 bxc4 26. Bxc4 Qb7 27. Ra5 Qxe4+ 28. Ka1 Qxh1+ 29. Ka2 Nb8 30. Be6+ Rd7 31. Bb6 Qc1 32. Ba7 1/2-1/2

[Event "St Veit op 43rd"]
[Site "St Veit"]
[Date "2024.07.08"]
[Round "4"]
[White "Duluu, Tumur Ochir"]
[Black "Klausner, Felix"]
[Result "1-0"]
[WhiteElo "2143"]
[BlackElo "1941"]
[PlyCount "49"]
[EventDate "2024.07.06"]
[EventType "swiss"]
[EventRounds "9"]
[EventCountry "AUT"]
[SourceTitle "CBM 221 Extra"]
[Source "ChessBase"]
[SourceDate "2024.09.30"]
[SourceVersion "1"]
[SourceVersionDate "2024.09.30"]
[SourceQuality "1"]

1. e4 c5 2. Nf3 d6 3. d4 cxd4 4. Nxd4 Nf6 5. Nc3 a6 6. Be3 e5 7. Nb3 Be7 8. Qd2 Ng4 9. g3 Be6 10. 0-0-0 Nd7 11. f4 Nxe3 12. Qxe3 0-0 13. Kb1 b5 14. f5 Bc4 15. h4 Nb6 16. g4 b4 17. Na4 Nxa4 18. Bxc4 Qc7 19. Bd5 Rab8 20. g5 Kh8 21. h5 Nb6 22. f6 Rfc8 23. fxe7 Qxc2+ 24. Ka1 Na4 25. Qd2 1-0